| 000 | 00508nam a22001577a 4500 | ||
|---|---|---|---|
| 020 | _a0071398341 | ||
| 082 | _a280 SCB | ||
| 100 |
_a Wrede, Robert C _969300 |
||
| 245 | _aSchaum's outline of theory and problems of advanced calculus [electronic resource] | ||
| 250 | _a2nd ed | ||
| 260 |
_aNew York _bMcGraw Hill _c2002 |
||
| 300 |
_a 433 p _b viii, ill |
||
| 490 | _a Schaum's outline series | ||
| 650 |
_aCalculus -- Outlines, syllabi, etc | Calculus -- Problems, exercises, etc _969301 |
||
| 942 | _cBK | ||
| 999 |
_c576648 _d576648 |
||